Hakikat hidup beriman

Bibliographic Details
Main Author: Shamsul Mohd Nor
Format: Book
Published: Selangor : Yamani Angle Sdn. Bhd , 2013
Subjects:

MARC

LEADER 00000cam a2200000 7i4500
001 0000038844
005 20131126.0
008 131126
020 |a 9675370939 
090 0 0 |a 297.57   |b SHA 
100 0 |a Shamsul Mohd Nor 
245 1 0 |a Hakikat hidup beriman   |c Shamsul Mohd Nor 
260 |a Selangor :   |b Yamani Angle Sdn. Bhd ,   |c 2013 
650 0 |a Muslims   |x Conduct of life 
650 0 |a Religious life   |x Islam 
999 |a 0001252021   |b Book   |c Adult Collection   |e Cawangan Pontian 
999 |a 0001252022   |b Book   |c Adult Collection   |e Cawangan Segamat 
999 |a 0001252023   |b Book   |c Adult Collection   |e Cawangan Tangkak 
999 |a 0001252026   |b Book   |c Adult Collection   |e Cawangan Mersing 
999 |a 0001252028   |b Book   |c Adult Collection   |e Cawangan Bukit Gambir 
999 |a 0001252030   |b Book   |c Adult Collection   |e Cawangan Kota Tinggi 
999 |a 0001252032   |b Book   |c Adult Collection   |e Cawangan Bandar Penawar 
999 |a 0001252033   |b Book   |c Adult Collection   |e Cawangan Bandar Tenggara 
999 |a 0001252034   |b Book   |c Adult Collection   |e Cawangan Muar 
999 |a 0001255502   |b Book   |c Adult Collection   |e Perbadanan Perpustakaan Awam Johor 
999 |a 0001255503   |b Book   |c Adult Collection   |e Perbadanan Perpustakaan Awam Johor 
999 |a 0001255752   |b Book   |c Adult Collection   |e Cawangan Urban Transformation Centre